Organic Chemistry (Record no. 1266)

MARC details
000 -LEADER
fixed length control field 00397nam a2200157Ia 4500
008 - FIXED-LENGTH DATA ELEMENTS--GENERAL INFORMATION
fixed length control field 221030s9999 xx 000 0 und d
041 ## - LANGUAGE CODE
Language code of text/sound track or separate title
082 ## - DEWEY DECIMAL CLASSIFICATION NUMBER
Classification number 105.23
Item number Jain
100 ## - MAIN ENTRY--AUTHOR NAME
Personal name M. K. Jain
245 #0 - TITLE STATEMENT
Title Organic Chemistry
Statement of responsibility, etc by M. K. Jain , S. C. Sharma
260 ## - PUBLICATION, DISTRIBUTION, ETC. (IMPRINT)
Name of publisher Shoban Lal Nagin
Place of publication Jalandhar
Year of publication 2003
300 ## - PHYSICAL DESCRIPTION
Number of Pages 307
650 ## - SUBJECT ADDED ENTRY--TOPICAL TERM
Topical Term BB Chemistry
700 ## - ADDED ENTRY--PERSONAL NAME
Personal name S. C. Sharma
942 ## - ADDED ENTRY ELEMENTS (KOHA)
Koha item type Books
Holdings
Accession Number Cost, normal purchase price Full call number Price effective from Koha item type Withdrawn / writtenoff status Materials specified (bound volume or other part) Damaged status Not for loan Permanent Location Current Location Shelving location Date acquired Lost/ Missing status department
BB 46 260.00 105.23 Jain 10/30/2022 Books   Print     MIET Library, Jammu MIET Library, Jammu BL-Second, FL-1, CUP-101, SH-4, R-4 06/19/2003   BB
BB 47 260.00 105.23 Jai 10/30/2022 Books   Print     MIET Library, Jammu MIET Library, Jammu BL-Second, FL-1, CUP-101, SH-4, R-4 06/19/2003   BB